| 000 | 00885cam a2200205 i 4500 | ||
|---|---|---|---|
| 005 | 20251108170936.0 | ||
| 008 | 250721s2000 sy gr 000 0 ara d | ||
| 082 | 1 | 4 |
_a005.12 _bه ل ا |
| 100 | 1 |
_aهلالة، عبده _eمعد. |
|
| 245 | 1 | 0 |
_aمبادىء تصميم و بناء أنظمة التحكم المبرمج : _bبناء بطاقات التحكم الإلكترونية باستخدام المعالجات التحكمية micro controllers / _cإعداد م. عبده هلاله، م. عامر عبود. |
| 250 | _aالطبعة الأولى. | ||
| 264 | 1 |
_aدمشق : _bدار الرضا، _c2000. |
|
| 300 | _a348 صفحة. | ||
| 490 | 1 |
_aسلسلة الرضا للمعلومات. _vرقم 55. |
|
| 650 | 1 | 7 | _aالحواسيب. |
| 700 | 1 |
_aعبود، عامر _eمعد. |
|
| 830 | 0 | _aالرضا للمعلومات. | |
| 942 |
_2ddc _cBK |
||
| 999 |
_c52672 _d52672 |
||